[Event "Copa Latinoamericana de Ajedrez 2011"]
[Site "Montevideo URU"]
[Date "2011.11.06"]
[Round "9.55"]
[White "Cao, Jorge"]
[Black "Ruggiero, Alvaro"]
[Result "1-0"]
[WhiteElo "2105"]
[BlackElo "1967"]
[PlyCount "85"]
[EventDate "2011.11.01"]
[EventType "swiss"]
[EventRounds "9"]
[EventCountry "URU"]
[Source "lmi"]
[SourceDate "2011.11.01"]

1. d4 d5 2. c4 c6 3. Nc3 e6 4. e3 Nf6 5. Nf3 Nbd7 6. Bd3 Bd6 7. O-O O-O 8. e4
dxe4 9. Nxe4 Nxe4 10. Bxe4 Nf6 11. Bc2 b6 12. Bg5 Be7 13. Qd3 g6 14. Rad1 Bb7
15. Rfe1 Re8 16. Qe3 Ng4 17. Qf4 Bxg5 18. Nxg5 Nf6 19. Re3 h6 20. Nxf7 Kxf7 21.
Qxh6 Rg8 22. Rg3 Qf8 23. Bxg6+ Ke7 24. Qe3 Kd7 25. Re1 Qe7 26. f4 Rg7 27. f5
Rag8 28. Qxe6+ Qxe6 29. Rxe6 Rxg6 30. Rxf6 Rxg3 31. hxg3 Ba6 32. b3 Rxg3 33.
Rf7+ Kd6 34. Kf2 Rg5 35. Kf3 c5 36. d5 Bc8 37. g4 Bd7 38. Kf4 Rg8 39. g5 Rh8
40. g6 Rh4+ 41. Kg5 Rh2 42. Kf6 Rf2 43. Rxd7+ 1-0

[Event "Copa Latinoamericana de Ajedrez 2011"]
[Site "Montevideo URU"]
[Date "2011.11.06"]
[Round "9.56"]
[White "Boabaid, Jorge"]
[Black "Schuh, Astor Jose"]
[Result "1-0"]
[WhiteElo "1879"]
[BlackElo "2094"]
[PlyCount "136"]
[EventDate "2011.11.01"]
[EventType "swiss"]
[EventRounds "9"]
[EventCountry "URU"]
[Source "lmi"]
[SourceDate "2011.11.01"]

1. e4 c5 2. Nf3 Nc6 3. d4 cxd4 4. Nxd4 e5 5. Nb5 d6 6. N1c3 a6 7. Na3 b5 8. Nd5
Nf6 9. Bg5 Be7 10. Bxf6 Bxf6 11. c3 Bg5 12. Nc2 O-O 13. Bd3 Be6 14. Nce3 Ne7
15. Bc2 Bxe3 16. Nxe3 Qd7 17. Qh5 f5 18. O-O-O f4 19. Nd5 Nxd5 20. exd5 Bf5 21.
Bxf5 Rxf5 22. Qe2 Rc8 23. Kb1 Rc5 24. Qd3 Qf7 25. f3 g6 26. Rhf1 a5 27. b3 Qb7
28. Rf2 Rf8 29. g3 Qa7 30. Rb2 fxg3 31. hxg3 Qf7 32. Rf2 e4 33. Qxe4 Rxc3 34.
Rdf1 Re8 35. Qd4 Qf5+ 36. Kb2 Rd3 37. g4 Rxd4 38. gxf5 gxf5 39. Rg1+ Kh8 40.
Rfg2 Rxd5 41. Rg7 b4 42. Ra7 Rd2+ 43. Kb1 Rh2 44. Rxa5 Rh5 45. Rb5 Rh3 46. Rxf5
Ra8 47. Rg2 Rg8 48. Rd2 Rc8 49. Rb5 Rxf3 50. Rxb4 Rd8 51. Rbd4 Rf6 52. Kb2 Kg7
53. b4 Kf7 54. a4 Ke7 55. Rh2 h6 56. Rh3 d5 57. Kb3 Ke6 58. a5 Ke5 59. Rdh4
Rdd6 60. Re3+ Kf5 61. Rf3+ Kg5 62. Rxf6 Rxf6 63. Rd4 Rd6 64. b5 h5 65. a6 h4
66. a7 Rd8 67. b6 h3 68. b7 h2 1-0

[Event "Copa Latinoamericana de Ajedrez 2011"]
[Site "Montevideo URU"]
[Date "2011.11.06"]
[Round "9.58"]
[White "López, Aldi"]
[Black "Cordero, Daniela"]
[Result "1/2-1/2"]
[WhiteElo "2076"]
[BlackElo "2062"]
[PlyCount "21"]
[EventDate "2011.11.01"]
[EventType "swiss"]
[EventRounds "9"]
[EventCountry "URU"]
[Source "lmi"]
[SourceDate "2011.11.01"]

1. Nf3 Nf6 2. d4 e6 3. Bg5 Be7 4. e3 c5 5. c3 Qb6 6. Qb3 Nc6 7. Qxb6 axb6 8.
Nbd2 d5 9. Bb5 Bd7 10. O-O h6 11. Bf4 1/2-1/2

[Event "Copa Latinoamericana de Ajedrez 2011"]
[Site "Montevideo URU"]
[Date "2011.11.06"]
[Round "9.59"]
[White "Barboza, Mauro"]
[Black "Hiriart, Guillermo"]
[Result "1-0"]
[WhiteElo "2051"]
[BlackElo "2019"]
[PlyCount "75"]
[EventDate "2011.11.01"]
[EventType "swiss"]
[EventRounds "9"]
[EventCountry "URU"]
[Source "lmi"]
[SourceDate "2011.11.01"]

1. e4 d5 2. e5 Bf5 3. d4 e6 4. Bd3 Bxd3 5. Qxd3 c6 6. Nf3 Ne7 7. Nc3 h6 8. Ne2
Ng6 9. h4 Be7 10. g3 Nd7 11. O-O c5 12. c3 c4 13. Qc2 b5 14. b3 Nb6 15. bxc4
Nxc4 16. h5 Nf8 17. Kg2 Nh7 18. a4 bxa4 19. Rxa4 Qd7 20. g4 Nb6 21. Ra2 a5 22.
Nd2 Qb5 23. Re1 a4 24. f4 Bh4 25. Ng3 Rc8 26. Ba3 Qc6 27. Bc5 Bd8 28. Rb1 Nf8
29. Bxb6 Bxb6 30. Qxa4 Kd7 31. Rxb6 Qxa4 32. Rxa4 Rxc3 33. Ra7+ Kc8 34. Ra8+
Kd7 35. Rbb8 Ke7 36. Ra7+ Nd7 37. Rxh8 Rc2 38. Ngf1 1-0

[Event "Copa Latinoamericana de Ajedrez 2011"]
[Site "Montevideo URU"]
[Date "2011.11.06"]
[Round "9.60"]
[White "Hernández, Rafael"]
[Black "Ulaneo, Matías"]
[Result "0-1"]
[WhiteElo "1827"]
[BlackElo "2036"]
[PlyCount "26"]
[EventDate "2011.11.01"]
[EventType "swiss"]
[EventRounds "9"]
[EventCountry "URU"]
[Source "lmi"]
[SourceDate "2011.11.01"]

1. d4 e6 2. Nf3 b6 3. Bf4 Bb7 4. e3 f5 5. Bd3 Nf6 6. Nbd2 Be7 7. c3 O-O 8. h3
c5 9. O-O Nc6 10. Re1 Rc8 11. Qe2 Na5 12. e4 fxe4 13. Nxe4 Nxe4 0-1

[Event "Copa Latinoamericana de Ajedrez 2011"]
[Site "Montevideo URU"]
[Date "2011.11.06"]
[Round "9.62"]
[White "Hernández, José"]
[Black "Barandiarán, Gabriel"]
[Result "1-0"]
[WhiteElo "2225"]
[BlackElo "1945"]
[PlyCount "71"]
[EventDate "2011.11.01"]
[EventType "swiss"]
[EventRounds "9"]
[EventCountry "URU"]
[Source "lmi"]
[SourceDate "2011.11.01"]

1. Nf3 d5 2. d4 Nf6 3. g3 g6 4. Bg2 Bg7 5. O-O O-O 6. c4 c6 7. cxd5 cxd5 8. Nc3
Nc6 9. Ne5 Ne4 10. Nxc6 Nxc3 11. Nxe7+ Qxe7 12. bxc3 Re8 13. Be3 Be6 14. Qb3
Rac8 15. Rfc1 Rc4 16. Rab1 b6 17. Qb5 Rec8 18. Bd2 Bd7 19. Qxd5 Qxe2 20. Bf1
Qxd2 21. Bxc4 Be6 22. Qxe6 fxe6 23. Bxe6+ Kf8 24. Bxc8 Qxa2 25. Re1 Qc4 26. Be6
Qxc3 27. Rbc1 Qb4 28. d5 Bd4 29. Rc8+ Kg7 30. Rc7+ Kh6 31. Rf1 Qf8 32. Kg2 b5
33. h4 b4 34. g4 g5 35. Bf5 gxh4 36. f4 1-0

[Event "Copa Latinoamericana de Ajedrez 2011"]
[Site "Montevideo URU"]
[Date "2011.11.06"]
[Round "9.63"]
[White "Pesuto, Nicolás"]
[Black "Ulaneo, Ruben"]
[Result "0-1"]
[WhiteElo "1755"]
[BlackElo "2155"]
[PlyCount "86"]
[EventDate "2011.11.01"]
[EventType "swiss"]
[EventRounds "9"]
[EventCountry "URU"]
[Source "lmi"]
[SourceDate "2011.11.01"]

1. e4 Nf6 2. Nc3 d5 3. exd5 Nxd5 4. Bc4 e6 5. Nf3 Be7 6. O-O O-O 7. Re1 Nxc3 8.
bxc3 Re8 9. Rb1 Nd7 10. Nd4 Nb6 11. Bd3 Bf6 12. Ne2 e5 13. Ng3 g6 14. Bf1 Be6
15. a3 Bg7 16. d3 c5 17. c4 Qc7 18. Bb2 f5 19. f3 Bd7 20. Qd2 Bc6 21. Qf2 Nd7
22. c3 b6 23. d4 Ba4 24. d5 Nf6 25. Bd3 Re7 26. Bc2 Bxc2 27. Qxc2 Ne8 28. Qd3
Nd6 29. Bc1 Qd7 30. Nf1 Qa4 31. Nd2 Rae8 32. Rb2 e4 33. fxe4 fxe4 34. Qc2 Qxc2
35. Rxc2 e3 36. Nf1 Nxc4 37. d6 Nxd6 38. Rxe3 Rxe3 39. Nxe3 Nb5 40. Nd5 Re5 41.
c4 Nd4 42. Bb2 Re1+ 43. Kf2 Nxc2 0-1

[Event "Copa Latinoamericana de Ajedrez 2011"]
[Site "Montevideo URU"]
[Date "2011.11.06"]
[Round "9.64"]
[White "Restuccia, Francisco"]
[Black "Dabraccio, Guillermo"]
[Result "1/2-1/2"]
[WhiteElo "2136"]
[BlackElo "1729"]
[PlyCount "59"]
[EventDate "2011.11.01"]
[EventType "swiss"]
[EventRounds "9"]
[EventCountry "URU"]
[Source "lmi"]
[SourceDate "2011.11.01"]

1. e4 e6 2. d4 d5 3. exd5 exd5 4. Nf3 Bg4 5. h3 Bh5 6. g4 Bg6 7. Qe2+ Qe7 8.
Be3 Nd7 9. Nc3 c6 10. Ne5 f6 11. Nxg6 hxg6 12. O-O-O O-O-O 13. Qd3 Qf7 14. Na4
Bd6 15. Qc3 Kb8 16. Qb3 Ne7 17. Ba6 b6 18. Nc5 Bc7 19. a4 Ka8 20. Bb7+ Kb8 21.
a5 Nxc5 22. dxc5 Kxb7 23. cxb6 axb6 24. Bxb6 Ra8 25. Rhe1 Rhc8 26. Bxc7+ Kxc7
27. Qb6+ Kd6 28. Rxe7 Qxe7 29. Qb4+ Kd7 30. Qb7+ 1/2-1/2

[Event "Copa Latinoamericana de Ajedrez 2011"]
[Site "Montevideo URU"]
[Date "2011.11.06"]
[Round "9.65"]
[White "Solari, Pablo"]
[Black "Magaldi, Nelson"]
[Result "1/2-1/2"]
[WhiteElo "1663"]
[BlackElo "2123"]
[PlyCount "91"]
[EventDate "2011.11.01"]
[EventType "swiss"]
[EventRounds "9"]
[EventCountry "URU"]
[Source "lmi"]
[SourceDate "2011.11.01"]

1. b4 d5 2. Bb2 e6 3. e3 Nf6 4. b5 c5 5. bxc6 Nxc6 6. Nf3 Be7 7. Be2 O-O 8. O-O
Nd7 9. d4 Nb6 10. Nbd2 Na4 11. Qc1 Nxb2 12. Qxb2 b6 13. c4 Na5 14. cxd5 exd5
15. Rfc1 Bb7 16. Ne5 Qd6 17. Rc2 f6 18. Nef3 Rfc8 19. Rac1 Rxc2 20. Rxc2 Bc6
21. Nb3 Ba4 22. Nfd2 Qd7 23. Qc1 Bd6 24. Bf3 Bb4 25. Rc7 Qd6 26. Nxa5 Bxd2 27.
Rc8+ Kf7 28. Qc7+ Qxc7 29. Rxc7+ Ke6 30. Nb3 Bxb3 31. axb3 Kd6 32. Rxg7 a5 33.
Rxh7 a4 34. bxa4 Rxa4 35. g3 Ra1+ 36. Kg2 Ra2 37. Be2 b5 38. Kf3 b4 39. Rb7 Bc3
40. h4 Kc6 41. Rf7 b3 42. Rxf6+ Kc7 43. Bd3 Rd2 44. Bg6 Rd1 45. Bc2 bxc2 46.
Rf7+ 1/2-1/2

[Event "Copa Latinoamericana de Ajedrez 2011"]
[Site "Montevideo URU"]
[Date "2011.11.06"]
[Round "9.66"]
[White "Cóppola, Claudio"]
[Black "D´Andrea, Leonardo"]
[Result "1-0"]
[WhiteElo "2092"]
[BlackElo "2125"]
[PlyCount "87"]
[EventDate "2011.11.01"]
[EventType "swiss"]
[EventRounds "9"]
[EventCountry "URU"]
[Source "lmi"]
[SourceDate "2011.11.01"]

1. d4 Nf6 2. c4 c5 3. d5 d6 4. Nc3 g6 5. Nf3 Bg7 6. g3 O-O 7. Bg2 Na6 8. O-O
Nc7 9. Nd2 a6 10. Rb1 b5 11. b3 b4 12. Nce4 a5 13. Bb2 Nxe4 14. Nxe4 a4 15.
Bxg7 Kxg7 16. Ra1 Bf5 17. Nd2 Kg8 18. e4 Bd7 19. f4 axb3 20. axb3 Rxa1 21. Qxa1
Qa8 22. e5 Qxa1 23. Rxa1 Bf5 24. g4 Bxg4 25. Ne4 Bf5 26. exd6 exd6 27. Nxd6 Bc2
28. Nb7 Bxb3 29. Bf1 Bc2 30. Nxc5 b3 31. Nd3 Rd8 32. Ra5 Rf8 33. Kf2 Ne8 34.
Nb2 Nd6 35. Bg2 Rc8 36. Ra4 Kf8 37. Ke3 Nf5+ 38. Kd2 Nd6 39. Rb4 f5 40. Kc3 Rc7
41. Kd4 Ra7 42. c5 Nf7 43. Nc4 g5 44. d6 1-0

[Event "Copa Latinoamericana de Ajedrez 2011"]
[Site "Montevideo URU"]
[Date "2011.11.06"]
[Round "9.67"]
[White "Jonel, Iurk"]
[Black "Ubaldo, Belistri"]
[Result "1/2-1/2"]
[WhiteElo "2023"]
[BlackElo "2051"]
[PlyCount "50"]
[EventDate "2011.11.01"]
[EventType "swiss"]
[EventRounds "9"]
[EventCountry "URU"]
[Source "lmi"]
[SourceDate "2011.11.01"]

1. d4 g6 2. c4 Bg7 3. Nf3 c5 4. e3 b6 5. Nc3 Nf6 6. g3 Bb7 7. Bg2 O-O 8. O-O d6
9. b3 e6 10. Bb2 Qe7 11. Qe2 Na6 12. Rad1 Rfe8 13. Rfe1 Rad8 14. e4 Nc7 15. e5
dxe5 16. dxe5 Rxd1 17. Rxd1 Ng4 18. Ne4 Rd8 19. Rxd8+ Qxd8 20. Nd6 Bc6 21. h3
Nh6 22. h4 Ne8 23. Nxe8 Qxe8 24. Ng5 Bxg2 25. Kxg2 Qd7 1/2-1/2

[Event "Copa Latinoamericana de Ajedrez 2011"]
[Site "Montevideo URU"]
[Date "2011.11.06"]
[Round "9.68"]
[White "Campiglia, Guido"]
[Black "Lallana, Daniel"]
[Result "1-0"]
[WhiteElo "2011"]
[BlackElo "2003"]
[PlyCount "97"]
[EventDate "2011.11.01"]
[EventType "swiss"]
[EventRounds "9"]
[EventCountry "URU"]
[Source "lmi"]
[SourceDate "2011.11.01"]

1. e4 e5 2. Nf3 Nc6 3. Bb5 a6 4. Ba4 Nf6 5. O-O Bc5 6. c3 b5 7. Bb3 Bb6 8. d4
exd4 9. cxd4 d6 10. h3 h6 11. Nc3 O-O 12. Be3 b4 13. Nd5 Nxd5 14. Bxd5 Bb7 15.
Rc1 Na5 16. Bxb7 Nxb7 17. Qb3 a5 18. Qd5 Rb8 19. Rc6 Qe7 20. Re1 Nd8 21. Rcc1
Re8 22. Qh5 Qf8 23. Qg4 Kh8 24. Nh4 g6 25. Rc4 Ne6 26. Rec1 Qg7 27. Nf3 Kh7 28.
e5 h5 29. Qh4 dxe5 30. d5 Nd4 31. Nxd4 exd4 32. Bxd4 Bxd4 33. Rxd4 Rb7 34. Qf4
f5 35. Rd2 Re4 36. Qg3 Qd7 37. Rc6 Qf7 38. h4 Rg4 39. Qe5 Re4 40. Qg3 Re1+ 41.
Kh2 Re4 42. f3 Re7 43. d6 f4 44. Qg5 Rd7 45. dxc7 Rdxc7 46. Rf6 Qg8 47. b3 Ra7
48. Qxf4 Rg7 49. Rf8 1-0

[Event "Copa Latinoamericana de Ajedrez 2011"]
[Site "Montevideo URU"]
[Date "2011.11.06"]
[Round "9.69"]
[White "Cicero, Carlos"]
[Black "Martínez, José"]
[Result "0-1"]
[WhiteElo "1937"]
[BlackElo "1995"]
[PlyCount "84"]
[EventDate "2011.11.01"]
[EventType "swiss"]
[EventRounds "9"]
[EventCountry "URU"]
[Source "lmi"]
[SourceDate "2011.11.01"]

1. e4 c5 2. f4 d5 3. exd5 Qxd5 4. Nc3 Qd8 5. Nf3 e6 6. Ne5 a6 7. Qf3 Qc7 8. Be2
Nd7 9. Rf1 Ngf6 10. Nxd7 Bxd7 11. b3 Bc6 12. Qf2 h5 13. h3 O-O-O 14. Bf3 Qxf4
15. Bxc6 Qxf2+ 16. Rxf2 bxc6 17. Bb2 Rh6 18. O-O-O Rg6 19. Re1 Bd6 20. Ne4 Nxe4
21. Rxe4 f5 22. Rc4 f4 23. Ba3 Rg5 24. Kd1 Rf8 25. Re4 Rf6 26. Ke2 Rfg6 27. Kf1
f3 28. gxf3 Rg1+ 29. Ke2 Ra1 30. Rc4 Rg5 31. h4 Re5+ 32. Re4 Rxa2 33. Rxe5 Bxe5
34. Bxc5 Rxc2 35. b4 Bf6 36. Rh2 Rc4 37. Bf8 Kd8 38. Rg2 Rxh4 39. Bxg7 Bxg7 40.
Rxg7 Rxb4 41. Rg5 Rb5 42. Rg2 a5 0-1

[Event "Copa Latinoamericana de Ajedrez 2011"]
[Site "Montevideo URU"]
[Date "2011.11.06"]
[Round "9.70"]
[White "Urrestarazú, Diego"]
[Black "Alsina, Ruben"]
[Result "1/2-1/2"]
[WhiteElo "1955"]
[BlackElo "1945"]
[PlyCount "105"]
[EventDate "2011.11.01"]
[EventType "swiss"]
[EventRounds "9"]
[EventCountry "URU"]
[Source "lmi"]
[SourceDate "2011.11.01"]

1. c4 e5 2. Nc3 Nc6 3. g3 g6 4. Bg2 Bg7 5. e3 f5 6. Nge2 Nf6 7. O-O O-O 8. d4
e4 9. f3 exf3 10. Bxf3 Re8 11. h3 d6 12. Kh2 Ne4 13. Nxe4 fxe4 14. Bg2 h5 15.
Bd2 Bf5 16. Nf4 Qd7 17. b4 Nd8 18. Qb3 c6 19. Rf2 Ne6 20. Nxe6 Qxe6 21. Raf1
Rac8 22. a3 d5 23. cxd5 cxd5 24. Rc1 Qd6 25. h4 Bh6 26. Rc5 Be6 27. Bh3 Bxh3
28. Kxh3 Qe6+ 29. Kg2 Red8 30. Qc2 b6 31. Rc7 Rf8 32. Rxc8 Rxc8 33. Qb3 b5 34.
a4 a6 35. axb5 axb5 36. Rf1 g5 37. Rc1 Rxc1 38. Bxc1 gxh4 39. gxh4 Qg4+ 40. Kf1
Qf5+ 41. Ke1 Bf8 42. Qb2 Bd6 43. Qg2+ Qg4 44. Qxg4+ hxg4 45. Kf2 Kf7 46. Bd2
Kg6 47. Kg2 Kh5 48. Be1 g3 49. Bd2 Kxh4 50. Be1 Kg4 51. Bd2 Be7 52. Be1 Bg5 53.
Bd2 1/2-1/2

[Event "Copa Latinoamericana de Ajedrez 2011"]
[Site "Montevideo URU"]
[Date "2011.11.06"]
[Round "9.71"]
[White "Fernández, Antonio"]
[Black "Ledesma, Sebastián"]
[Result "0-1"]
[WhiteElo "1973"]
[BlackElo "1908"]
[PlyCount "58"]
[EventDate "2011.11.01"]
[EventType "swiss"]
[EventRounds "9"]
[EventCountry "URU"]
[Source "lmi"]
[SourceDate "2011.11.01"]

1. e4 e5 2. Nf3 Nc6 3. Bb5 a6 4. Ba4 Nf6 5. d4 Nxe4 6. Qe2 Nf6 7. dxe5 Ng8 8.
O-O Nge7 9. Nc3 Ng6 10. Nd5 Be7 11. Nf6+ gxf6 12. exf6 O-O 13. fxe7 Qxe7 14.
Qd2 Qb4 15. Qh6 Qxa4 16. b3 Qb4 17. c4 Qe7 18. Bb2 f6 19. Rfe1 Qg7 20. Qd2 d6
21. Ng5 Nge5 22. Qd5+ Kh8 23. Ne4 Nb4 24. Qd1 Bg4 25. Qd2 Nbd3 26. Re3 Nxb2 27.
Qxb2 f5 28. Nc3 f4 29. Re4 Bf3 0-1

[Event "Copa Latinoamericana de Ajedrez 2011"]
[Site "Montevideo URU"]
[Date "2011.11.06"]
[Round "9.72"]
[White "Manzanares, Richard"]
[Black "Caitano, Pablo"]
[Result "1-0"]
[WhiteElo "1897"]
[BlackElo "1991"]
[PlyCount "63"]
[EventDate "2011.11.01"]
[EventType "swiss"]
[EventRounds "9"]
[EventCountry "URU"]
[Source "lmi"]
[SourceDate "2011.11.01"]

1. d4 Nf6 2. Nf3 g6 3. Nc3 d5 4. Bf4 Bg7 5. Qd2 Ne4 6. Nxe4 dxe4 7. Ne5 Nd7 8.
Nxd7 Qxd7 9. O-O-O Qa4 10. a3 Bf5 11. e3 c6 12. Qc3 Be6 13. Bg5 f6 14. Bf4 O-O
15. Qc5 Rfe8 16. b3 b6 17. Qxe7 Rxe7 18. bxa4 Rd7 19. Ba6 Rad8 20. Rd2 c5 21.
Bb5 Re7 22. Rhd1 Bg4 23. dxc5 Rxd2 24. Rxd2 bxc5 25. Bd6 Rb7 26. Bc4+ Kh8 27.
Bxc5 h5 28. Rd8+ Kh7 29. Bb4 Bd7 30. Bd5 Rc7 31. Bd6 Bf8 32. Bxc7 1-0

[Event "Copa Latinoamericana de Ajedrez 2011"]
[Site "Montevideo URU"]
[Date "2011.11.06"]
[Round "9.73"]
[White "Martínez, Carlos"]
[Black "Dávila, Mario"]
[Result "0-1"]
[WhiteElo "1882"]
[BlackElo "1896"]
[PlyCount "71"]
[EventDate "2011.11.01"]
[EventType "swiss"]
[EventRounds "9"]
[EventCountry "URU"]
[Source "lmi"]
[SourceDate "2011.11.01"]

1. e4 g6 2. d4 Bg7 3. Nc3 d6 4. Be2 Nf6 5. Nf3 O-O 6. Bf4 c6 7. Qd2 Nbd7 8. Bh6
b5 9. Bxg7 Kxg7 10. e5 Ng8 11. Ne4 Nb6 12. h4 h5 13. Ng3 Bg4 14. O-O-O d5 15.
Rdg1 Nc4 16. Bxc4 bxc4 17. Nxh5+ gxh5 18. Qg5+ Kh7 19. Qf4 f6 20. Nh2 fxe5 21.
Qxe5 Qd6 22. Qe1 Qf4+ 23. Kb1 Qxf2 24. Qc3 Nf6 25. Qb4 Rae8 26. Qc5 Bf5 27. Rc1
Qxg2 28. Qxc6 Bxc2+ 29. Ka1 Be4 30. Qc7 Rg8 31. Rhf1 Kh8 32. Qf4 Kh7 33. Rg1
Qxg1 34. Rxg1 Rxg1+ 35. Nf1 Bd3 36. Qh6+ 0-1

[Event "Copa Latinoamericana de Ajedrez 2011"]
[Site "Montevideo URU"]
[Date "2011.11.06"]
[Round "9.74"]
[White "Romaniello, Enrique"]
[Black "Rodríguez Lazo, Luis"]
[Result "0-1"]
[WhiteElo "1880"]
[BlackElo "1879"]
[PlyCount "130"]
[EventDate "2011.11.01"]
[EventType "swiss"]
[EventRounds "9"]
[EventCountry "URU"]
[Source "lmi"]
[SourceDate "2011.11.01"]

1. d4 Nf6 2. c4 g6 3. Nc3 Bg7 4. e4 d6 5. f3 O-O 6. Be3 b6 7. Qd2 c5 8. Nge2
Nc6 9. d5 Ne5 10. Nc1 a6 11. a4 Nh5 12. Be2 f5 13. b3 fxe4 14. fxe4 e6 15. Bg5
Nd3+ 16. Nxd3 Bxc3 17. Bxd8 Bxd2+ 18. Kxd2 Rxd8 19. Rhf1 Ng7 20. Rf2 Bb7 21.
Raf1 Rf8 22. Rxf8+ Rxf8 23. Rxf8+ Kxf8 24. g4 g5 25. Ke3 e5 26. Kf3 Ne8 27. Ne1
Nf6 28. Ng2 Bc8 29. Ne3 Kf7 30. h3 h5 31. Nf5 Bxf5 32. gxf5 Kg7 33. Bd3 Kh6 34.
Bc2 g4+ 35. hxg4 hxg4+ 36. Kg3 Kg5 37. Bd3 Nh5+ 38. Kf2 Kf4 39. Be2 Nf6 40. Bd3
g3+ 41. Kg2 Ke3 42. Bb1 Nh5 43. Bc2 Kd2 44. Bb1 Kc3 45. Kh3 Kxb3 46. Bd3 Kxa4
47. Be2 Nf6 48. Kxg3 Nxe4+ 49. Kg4 Kb4 50. Bf3 Nf6+ 51. Kg5 e4 52. Be2 Ng8 53.
f6 Nxf6 54. Kxf6 a5 55. Ke6 a4 56. Kxd6 a3 57. Ke7 a2 58. d6 a1=Q 59. d7 Qe5+
60. Kd8 b5 61. cxb5 c4 62. Kc8 Qc5+ 63. Kd8 Qxb5 64. Ke7 Qe5+ 65. Kd8 c3 0-1

[Event "Copa Latinoamericana de Ajedrez 2011"]
[Site "Montevideo URU"]
[Date "2011.11.06"]
[Round "9.75"]
[White "Iduate, Guillermo"]
[Black "Homrich, Diego"]
[Result "1/2-1/2"]
[WhiteElo "1870"]
[BlackElo "1793"]
[PlyCount "44"]
[EventDate "2011.11.01"]
[EventType "swiss"]
[EventRounds "9"]
[EventCountry "URU"]
[Source "lmi"]
[SourceDate "2011.11.01"]

1. d4 e6 2. Nf3 f5 3. c4 Nf6 4. a3 d5 5. Nc3 c6 6. Bf4 Bd6 7. Bxd6 Qxd6 8. c5
Qc7 9. e3 O-O 10. Ne5 Bd7 11. Qc2 Be8 12. h3 Nbd7 13. f4 Nxe5 14. fxe5 Ne4 15.
Nxe4 fxe4 16. Qe2 Qe7 17. Qg4 Qf7 18. Be2 Qe7 19. Kd2 b6 20. b4 Bg6 21. Rhc1 b5
22. a4 a6 1/2-1/2

[Event "Copa Latinoamericana de Ajedrez 2011"]
[Site "Montevideo URU"]
[Date "2011.11.06"]
[Round "9.76"]
[White "Salguero, Rafael"]
[Black "Cordero, Renzo"]
[Result "1-0"]
[WhiteElo "1855"]
[BlackElo "1978"]
[PlyCount "63"]
[EventDate "2011.11.01"]
[EventType "swiss"]
[EventRounds "9"]
[EventCountry "URU"]
[Source "lmi"]
[SourceDate "2011.11.01"]

1. d4 Nf6 2. c4 c5 3. d5 e6 4. Nc3 exd5 5. cxd5 d6 6. Nf3 g6 7. Bf4 Bg7 8. h3
O-O 9. e3 a6 10. a4 Qc7 11. Nd2 Re8 12. Nc4 Bf8 13. a5 Nbd7 14. Na4 Rb8 15. Rc1
Ne4 16. Bd3 b5 17. axb6 Nxb6 18. Ncxb6 Rxb6 19. Nxb6 Qxb6 20. Qc2 Nf6 21. O-O
Nxd5 22. Qa4 Re7 23. Bg5 Re5 24. Bh4 Nb4 25. Be2 d5 26. Bg3 Re6 27. Rfd1 Bb7
28. Bf3 Bg7 29. Rd2 Bc6 30. Qd1 Qb7 31. Rxc5 Qd7 32. Qb3 1-0

[Event "Copa Latinoamericana de Ajedrez 2011"]
[Site "Montevideo URU"]
[Date "2011.11.06"]
[Round "9.77"]
[White "Chamlian, Aram"]
[Black "Luzuriaga, Horacio"]
[Result "0-1"]
[WhiteElo "1758"]
[BlackElo "1836"]
[PlyCount "46"]
[EventDate "2011.11.01"]
[EventType "swiss"]
[EventRounds "9"]
[EventCountry "URU"]
[Source "lmi"]
[SourceDate "2011.11.01"]

1. Nf3 d5 2. g3 Nf6 3. Bg2 c6 4. O-O g6 5. d4 Bg7 6. Nbd2 O-O 7. Re1 Re8 8. e4
dxe4 9. Nxe4 Nxe4 10. Rxe4 Nd7 11. Bf4 Nf6 12. Re1 Qb6 13. Rb1 Bg4 14. h3 Bf5
15. Be3 Nd5 16. g4 Nxe3 17. Rxe3 Be6 18. b3 Rad8 19. Rd3 Bd5 20. c4 Be4 21. Qd2
Bxd3 22. c5 Qa6 23. Qxd3 Qxd3 0-1

[Event "Copa Latinoamericana de Ajedrez 2011"]
[Site "Montevideo URU"]
[Date "2011.11.06"]
[Round "9.78"]
[White "de Melo, Rodrigo"]
[Black "Bertucci, Santiago"]
[Result "0-1"]
[WhiteElo "1832"]
[BlackElo "1817"]
[PlyCount "94"]
[EventDate "2011.11.01"]
[EventType "swiss"]
[EventRounds "9"]
[EventCountry "URU"]
[Source "lmi"]
[SourceDate "2011.11.01"]

1. d4 Nf6 2. Nf3 e6 3. Bf4 c5 4. c3 d5 5. e3 Nc6 6. Nbd2 Be7 7. Be2 a6 8. O-O
O-O 9. Ne5 Nd7 10. Ndf3 Ncxe5 11. Nxe5 Nxe5 12. Bxe5 Bd7 13. Re1 c4 14. e4 Rc8
15. Bf3 Bc6 16. Qe2 dxe4 17. Bxe4 Bxe4 18. Qxe4 Bf6 19. Qxb7 Bxe5 20. Rxe5 Rb8
21. Qxa6 Rxb2 22. Qxc4 Qf6 23. Re2 Rb7 24. a4 Rfb8 25. Qd3 Qd8 26. h3 Rb3 27.
a5 Qc7 28. Re3 Rc8 29. a6 g6 30. g3 Rb6 31. Rb1 Qa7 32. Rxb6 Qxb6 33. Re1 Qa5
34. Rc1 Qa3 35. Rc2 Ra8 36. Qb5 Rxa6 37. Qb8+ Kg7 38. Qe5+ Kg8 39. Qb8+ Kg7 40.
Qb2 Qd6 41. c4 Rb6 42. Qa1 Ra6 43. Qc3 f6 44. c5 Qc6 45. Rc1 Ra7 46. Rb1 Rc7
47. Rb6 Qxb6 0-1

[Event "Copa Latinoamericana de Ajedrez 2011"]
[Site "Montevideo URU"]
[Date "2011.11.06"]
[Round "9.79"]
[White "Casas, Nicolás"]
[Black "Días, Jorge"]
[Result "1/2-1/2"]
[WhiteElo "1811"]
[BlackElo "1751"]
[PlyCount "83"]
[EventDate "2011.11.01"]
[EventType "swiss"]
[EventRounds "9"]
[EventCountry "URU"]
[Source "lmi"]
[SourceDate "2011.11.01"]

1. d4 d5 2. c4 Nf6 3. Nf3 Bf5 4. Bg5 e6 5. Nc3 Be7 6. cxd5 Nxd5 7. Nxd5 exd5 8.
Bxe7 Qxe7 9. e3 Nd7 10. Be2 Be4 11. O-O O-O 12. Nd2 Bg6 13. Qb3 Nb6 14. Rac1 c6
15. a4 Rab8 16. a5 Nd7 17. Bd3 Qd6 18. Qc3 Rfe8 19. a6 Rec8 20. axb7 Rc7 21.
Bxg6 Qxg6 22. Nb3 Rbxb7 23. Na5 Rb6 24. b4 Nb8 25. Rb1 Qd6 26. Rfc1 a6 27. e4
f6 28. e5 fxe5 29. dxe5 Qe6 30. f4 Nd7 31. Nb3 Rcb7 32. Nd4 Qe7 33. Nxc6 Qf7
34. Nd8 Qe7 35. Nxb7 Rxb7 36. Qc8+ Nf8 37. Qc6 d4 38. Qd5+ Kh8 39. Qxd4 h6 40.
Rc8 Kh7 41. Rxf8 Qxf8 42. Qe4+ 1/2-1/2

[Event "Copa Latinoamericana de Ajedrez 2011"]
[Site "Montevideo URU"]
[Date "2011.11.06"]
[Round "9.80"]
[White "Coutinho, Eduardo"]
[Black "Ottonello, Marcos"]
[Result "1/2-1/2"]
[WhiteElo "1810"]
[BlackElo "1749"]
[PlyCount "80"]
[EventDate "2011.11.01"]
[EventType "swiss"]
[EventRounds "9"]
[EventCountry "URU"]
[Source "lmi"]
[SourceDate "2011.11.01"]

1. Nf3 Nf6 2. g3 d5 3. Bg2 e6 4. O-O Be7 5. b3 O-O 6. Bb2 c5 7. d3 Nc6 8. Nbd2
Qc7 9. c4 Rd8 10. cxd5 exd5 11. d4 Bf5 12. dxc5 Bxc5 13. Nh4 Be4 14. Bxf6 gxf6
15. Nxe4 dxe4 16. Qc2 Bd4 17. Rad1 e3 18. fxe3 Bxe3+ 19. Kh1 Rxd1 20. Rxd1 Qa5
21. Rf1 Rd8 22. Qe4 Qe5 23. Qc4 Rd4 24. Nf3 Rxc4 25. Nxe5 Rc2 26. Nxc6 bxc6 27.
Rxf6 Rxe2 28. Bxc6 Rxa2 29. Bd5 Rf2 30. Bxf7+ Kg7 31. Rxf2 Bxf2 32. Bc4 Kf6 33.
Kg2 Bc5 34. Kf3 Ke5 35. Kg4 h6 36. Kh5 Be3 37. Kg6 a5 38. h3 Kd4 39. Bg8 Kc3
40. h4 Kb4 1/2-1/2